Guidance note 17 (Record no. 110489)

MARC details
000 -LEADER
fixed length control field 01332cad a22002055a 4500
001 - CONTROL NUMBER
control field L149407
008 - FIXED-LENGTH DATA ELEMENTS--GENERAL INFORMATION
fixed length control field 100303s2010 xxk f 000 0 eng d
035 ## - SYSTEM CONTROL NUMBER
System control number (Sirsi) u149407
041 0# - LANGUAGE CODE
Language code of text/sound track or separate title eng
050 04 - LIBRARY OF CONGRESS CALL NUMBER
Classification number 333.332091 $2 18
110 2# - MAIN ENTRY--CORPORATE NAME
Corporate name or jurisdiction name as entry element International Valuation Standards Council
9 (RLIN) 5828
245 00 - TITLE STATEMENT
Title Guidance note 17
Remainder of title the valuation of investment property under construction
Medium [electronic resource]
260 ## - PUBLICATION, DISTRIBUTION, ETC.
Place of publication, distribution, etc. London
Name of publisher, distributor, etc. IVSC
Date of publication, distribution, etc. 2010
520 ## - SUMMARY, ETC.
Summary, etc. Provides guidance (see also L146791) on internationally recognised principles that should be applied when the objective is to estimate the market value of investment property that is under construction on the valuation date. Valuations of partially completed investment property are required for different purposes: acquisitions, mergers and sales of businesses or parts of businesses; loan security; litigation; and financial reporting. While the valuation of other types of property under construction is not specifically included in the scope of this guidance note, the same principles will be applicable if the objective is to estimate market value.
590 ## - LOCAL NOTE (RLIN)
Local note KA NTK
651 #4 - SUBJECT ADDED ENTRY--GEOGRAPHIC NAME
Geographic name International
690 ## - LOCAL SUBJECT ADDED ENTRY--TOPICAL TERM (OCLC, RLIN)
Topical term or geographic name as entry element PROPERTY-PROPERTY APPRAISAL AND VALUATION
856 48 - ELECTRONIC LOCATION AND ACCESS
Uniform Resource Identifier <a href="https://www.ivsc.org/pubs/gn17-2010.pdf">https://www.ivsc.org/pubs/gn17-2010.pdf</a>
Public note View the document free of charge at www.ivsc.org
942 ## - ADDED ENTRY ELEMENTS (KOHA)
Suppress in OPAC 0
Holdings
Withdrawn status Lost status Source of classification or shelving scheme Damaged status Not for loan Home library Current library Shelving location Date acquired Total Checkouts Full call number Barcode Date last seen Copy number Price effective from Koha item type
    Dewey Decimal Classification     Virtual Virtual Online 03/03/2010   ONLINE PUBLICATION 149407-2001 06/08/2019 1 06/08/2019 Book